Statistics for Beyoncé all songs (May 2024)

Click here to take the quiz!

General Stats

  • This quiz has been taken 31 times
    (29 since last reset)
  • The average score is 111 of 215

Answer Stats

Dangerously in Love% Correct
CUFF IT
95%
ALIEN SUPERSTAR
90%
BREAK MY SOUL
90%
Crazy In Love
90%
Sorry
90%
TEXAS HOLD 'EM
90%
1+1
85%
CHURCH GIRL
85%
Dangerously In Love 2
85%
Formation
85%
JOLENE
85%
SUMMER
85%
All Night
80%
APESHIT
80%
Blow
80%
Daddy
80%
Drunk in Love
80%
Hold Up
80%
Run The World (Girls)
80%
Single Ladies (Put a Ring on It)
80%
16 CARRIAGES
75%
AMEN
75%
BLACKBIIRD
75%
Blue
75%
Bow Down
75%
COZY
75%
Dance For You
75%
Diva
75%
Don't Hurt Yourself
75%
***Flawless
75%
Freedom
75%
Halo
75%
If
75%
I'M THAT GIRL
75%
LEVII'S JEANS
75%
SUMMER RENAISSANCE
75%
AMERICA HAS A PROBLEM
70%
AMERIICAN REQUIEM
70%
Baby Boy
70%
Beautiful Liar
70%
BODYGUARD
70%
BROWN SKIN GIRL
70%
Daddy Lessons
70%
DAUGHTER
70%
DOLLY P
70%
ENERGY
70%
Ghost
70%
Haunted
70%
If I Were a Boy
70%
II MOST WANTED
70%
Listen
70%
MOVE
70%
Partition
70%
Pretty Hurts
70%
Ring Off [Bonus Track]
70%
Sandcastles
70%
Telephone (Lady Gaga)
70%
Video Phone
70%
VIRGO'S GROOVE
70%
XO
70%
6 Inch
65%
ALL UP IN YOUR MIND
65%
ALREADY
65%
Deja Vu
65%
DESERT EAGLE
65%
Ego
65%
Green Light
65%
HEATED
65%
II HANDS II HEAVEN
65%
Irreplaceable
65%
JUST FOR FUN
65%
Kitty Kat
65%
Love On Top
65%
Me, Myself and I
65%
PLASTIC OFF THE SOFA
65%
Pray You Catch Me
65%
PURE/HONEY
65%
RIIVERDANCE
65%
SMOKE HOUR ★ WILLIE NELSON
65%
SPAGHETTII
65%
SWEET ★ HONEY ★ BUCKIIN'
65%
THIQUE
65%
TYRANT
65%
YA YA
65%
Yoncé
65%
7/11 [Bonus Track]
60%
ALLIIGATOR TEARS
60%
Check On It
60%
End Of Time
60%
FLAMENCO
60%
Love Drought
60%
No Angel
60%
PROTECTOR
60%
Ring The Alarm
60%
SPIRIT
60%
03' Bonnie & Clyde [Bonus Track]
55%
Best Thing I Never Had
55%
BIGGER
55%
BLACK PARADE [Bonus Track]
55%
Countdown
55%
Freakum Dress
55%
FRIENDS
55%
Get Me Bodied
55%
Heaven
55%
Jealous
55%
Míne
55%
MY ROSE
55%
Naughty Girl
55%
OH LOUISIANA
55%
Party
55%
Schoolin' Life
55%
Signs
55%
Superpower
55%
Sweet Dreams
55%
THE LINDA MARTELL SHOW
55%
Yes
55%
713
50%
BOSS
50%
Flaws and All
50%
Forward
50%
Grown Woman [Bonus Track]
50%
HEARD ABOUT US
50%
I Care
50%
MOOD 4 EVA
50%
MY POWER
50%
NILE
50%
OTHERSIDE
50%
Rather Die Young
50%
Rocket
50%
SMOKE HOUR II
50%
Standing on the Sun (Remix) [Bonus Track]
50%
Upgrade U
50%
Why Don't You Love Me
50%
Ave Maria
45%
Before I Let Go
45%
BLACK EFFECT
45%
Broken-Hearted Girl
45%
Can You Feel the Love Tonight
45%
FIND YOUR WAY BACK
45%
Gift from Virgo
45%
I Was Here
45%
Lay Up Under Me [Bonus Track]
45%
NICE
45%
Perfect Duet (Ed Sheeran)
45%
Resentment
45%
Speechless
45%
Suga Mama
45%
WATER
45%
Be With You
40%
Beyoncé Interlude
40%
Hello
40%
Hip Hop Star
40%
I Been On
40%
I Miss You
40%
LOVEHAPPY
40%
Poison [Bonus Track]
40%
Radio
40%
Satellites
40%
Savage Remix (Megan Thee Stallion)
40%
Start Over
40%
Top Off (DJ Khaled)
40%
Work It Out
40%
At Last
35%
I'd Rather Go Blind
35%
Save The Hero
35%
Scared of Lonely
35%
Smash Into You
35%
The Closer I Get to You
35%
Welcome To Hollywood
35%
World Wide Woman
35%
Amor Gitano
30%
Creole [Bonus Track]
30%
Disappear
30%
Dreaming [Bonus Track]
30%
Feeling Myself (Nicki Minaj)
30%
Mi Gente (J Balvin, Willy William)
30%
MY HOUSE
30%
Shining (DJ Khaled)
30%
That's How You Like It
30%
Back Up [Bonus Track]
25%
Lift Off (JAY-Z)
25%
Lost Yo Mind [Bonus Track]
25%
Part II (On The Run) (JAY-Z)
25%
SALUD! [Bonus Track]
25%
That's Why You're Beautiful
25%
Until The End Of Time (Justin Timberlake)
25%
Be Alive
20%
Bienvenue [Bonus Track]
20%
Family Feud (JAY-Z)
20%
Fever
20%
Say Yes (Michelle Williams)
20%
Still in Love (Kissing You) [Bonus Track]
20%
Walk On Water (Eminem)
20%
What's It Gonna Be [Bonus Track]
20%
Encore For The Fans
15%
I Can't Take No More [Bonus Track]
15%
Love in This Club, Pt. II (USHER)
15%
Put It In a Love Song (Alicia Keys)
15%
Runnin' (Lose It All) (Naughty Boy)
15%
Trust In Me
15%
All I Could Do Was Cry
10%
DELRESTO (ECHOES) (Travis Scott)
10%
Honesty
10%
My First Time [Bonus Track]
10%
Naive (Solange)
10%
Crazy Feelings (Missy Elliot)
5%
I Got That (Amil)
5%
Love A Woman (Mary J. Blige)
5%
Make Me Say It Again, Girl (Ronald Isley)
5%
Once In A Lifetime
5%
Turnt (The-Dream)
5%
You Changed (Kelly Rowland)
5%
Nothing out There for Me (Missy Elliot)
0%
Proud To Be An American
0%
So Amazing (Stevie Wonder)
0%

Score Distribution

Percentile by Number Answered

Percent of People with Each Score

Your Score History

You have not taken this quiz since the last reset